| 000 | 01876nam0a2200445 4500 | ||
|---|---|---|---|
| 001 | RU\NLR\bibl\1057981 | ||
| 005 | 20250615035932.0 | ||
| 010 |
_a978-5-89117-186-2 _91000 |
||
| 021 |
_aRU _b2007-4237 _9214 |
||
| 035 | _a(nilc)RSL-KNO-003032401 | ||
| 035 | _a(NLR Aleph) 001045263 | ||
| 090 |
_a844141 _c844141 |
||
| 100 | _a20070213d2007 |||y0rusy50 ca | ||
| 101 | 0 | _arus | |
| 102 | _aRU | ||
| 105 | _aa ||||||||| | ||
| 106 | _ar | ||
| 200 | 1 |
_aЛогика квантового мира и возникновение жизни на Земле _fВ.Л. Янчилин |
|
| 205 | _a2-е изд. | ||
| 210 |
_aМосква _cНовый центр _d2007 |
||
| 215 |
_a151 с. _cил. _d22 |
||
| 225 | 1 | _aНовые идеи. Новые имена | |
| 313 | _aПо 1изд. | ||
| 320 | _aБиблиогр.: с. 148-151 (61 назв.) | ||
| 320 | _aДр. произведения авт. на 4-й с. обл. | ||
| 606 | 1 |
_aКвантовая теория _92116058 _3RU\NLR\auth\661278347 |
|
| 606 | 1 |
_aЖизнь _xПроисхождение _xКвантовая теория _92354602 _3RU\NLR\auth\661406496 |
|
| 610 | 0 | _aБиологические науки -- Общая биология -- Жизнь и ее происхождение -- Философские вопросы | |
| 610 | 0 | _aФизико-математические науки -- Физика -- Теоретическая физика -- Квантовая механика -- Философские вопросы | |
| 686 |
_aЕ01в,0 _2rubbk |
||
| 686 |
_aВ314в,0 _2rubbk |
||
| 686 | _aВ314 | ||
| 686 | _aЕ01в734.3 | ||
| 700 | 1 |
_aЯнчилин _bВ. Л. _f1965- _gВасилий Леонидович _4070 |
|
| 801 | 0 |
_aRU _bРКП _c20070213 _grcr |
|
| 801 | 1 |
_aRU _bРГБ _c20070213 |
|
| 801 | 2 |
_aRU _bNLR _c20070313 _grcr |
|
| 942 | _cBOOK | ||
| 980 | _aNB | ||